000 01368cam a22002655a 4500
001 L158128
008 100208s2014 xxko f 000 0 eng d
020 _a9781848063785
035 _a(Sirsi) u158128
041 0 _aeng
050 0 4 _a531.6 $2 18
100 1 _aWeeks, Caroline
245 0 0 _aFindings from the Penwithick Green Deal pilot scheme in Cornwall
260 _aWatford
_bBRE
_c2014
300 _a12p.
_bill.
_c30cm.
490 0 _aBRE Information Paper
_v(7/14)
520 _aImproving the energy efficiency of the existing building stock is one of the biggest challenges facing the UK. The Government's Green Deal programme has been put in place to offer a financial mechanism to facilitate cost effective energy efficiency improvements to dwellings. This Information Paper presents the key findings from research carried out over a 2-year period investigating the effectiveness and financial viability of a range of refurbishment measures. These include air source heat pumps (ASHPs), external wall insulation (EWI), top-up loft insulation, new energy efficient oil boilers, photovoltaic (PV) systems and single room heat recovery ventilation units.
521 _aAdvanced
590 _aKA
650 2 4 _aENERGY EFFICIENCY IN BUILDINGS
651 4 _aUnited Kingdom
_y
690 _aEnergy
_96237
700 1 _aWeeks, Caroline
942 _n0
_2ddc
999 _c115159
_d115159